[Event "Lidums Checkmate Op"]
[Site "Adelaide"]
[Date "2007.07.07"]
[Round "2.8"]
[White "Goldsmith, Alan D"]
[Black "Obst, James"]
[Result "0-1"]
[Annotator "Anderson-Smith,William"]
[BlackElo "2234"]
[EventCountry "AUS"]
[EventDate "2007.07.07"]
[EventRounds "7"]
[EventType "swiss"]
[PlyCount "45"]
[WhiteElo "2081"]

{ B07: Pirc Defence: Miscellaneous Systems } 1. e4 d6 2. d4 Nf6 3. Nc3 c6 4. Be2
Qa5 5. Bd2 e5 6. Nf3 ( 6. dxe5 dxe5 7. a3 Be6 8. Nf3 h6 9. b4 Qc7 10. Be3 Nbd7
11. O-O Rd8 12. Qe1 b5 13. a4 Bxb4 14. Nxb5 Qa5 15. c3 Bc5 16. Bxc5 Nxc5 17.
Nxe5 cxb5 18. Nc6 Qb6 19. Nxd8 Kxd8 20. Rd1+ Ke7 { Arora,M-Purton,B  ( 2085 )
/Coventry 2005/CBM 105 ext/0-1  ( 50 )}  )6... Qc7 ( 6... Nbd7 7. O-O Qc7 8. a4
Be7 9. a5 O-O 10. Kh1 Re8 11. Re1 Rb8 12. h3 b5 13. axb6 axb6 14. Bc4 b5 15.
dxe5 dxe5 16. Bd3 Nc5 17. Be3 h6 18. Qc1 Be6 19. Nd2 Ra8 20. Nf1 Rxa1 21. Qxa1
{ Soncin,D  ( 2143 ) -Lazic,M  ( 2478 ) /Turin 2000/CBM 076 ext/0-1  ( 32 )} 
)7. h3 $146 { Controls g4}  ( 7. Bg5 Nbd7 8. Qd2 b5 9. Bd3 a6 { 1/2-1/2
Ceschia,I  ( 2324 ) -Stuhlik,M  ( 2246 ) /Austria 2004/CBM 103 ext}  )7... g6 (
7... Be7 8. Be3 $14 )8. Bg5 { White threatens to win material: Bg5xf6}  ( 8.
Be3 b5 $16 )8... Bg7 $14 9. Qd2 { Black has a cramped position}  9... O-O 10.
Bh6 Re8 ( 10... exd4 11. Nxd4 Bxh6 12. Qxh6 $14 )11. dxe5 dxe5 12. O-O b6 13.
Bxg7 Kxg7 14. Nh4 ( 14. Rfd1 Ba6 $14 )14... Qe7 15. Rad1 Nxe4 ( 15... b5 $5
$142 { might be a viable alternative}  16. Qe3 Nbd7 $11 )16. Nxe4 $16 Qxh4 17.
f4 Be6 18. Nd6 Re7 19. Qc3 Nd7 20. fxe5 ( 20. Bf3 $5 $142 f6 21. Bxc6 $18
)20... Qg5 $14 21. Nxf7 ( 21. b3 $14 $142 { and White hangs on} )21... Rxf7 $17
( { Not } 21... Bxf7 22. Rxd7 { Decoy: d7}  22... Rxd7 23. e6+ Kg8 24. Bg4 $16
( 24. Rxf7 $6 Rxf7 25. exf7+ Kxf7 26. Bc4+ Ke7 27. Qg7+ Kd6 28. Qd4+ Kc7 29.
Qg7+ Kd6 30. Qd4+ Kc7 31. Qg7+ Kd6 $11 )( 24. exf7+ $6 Rxf7 25. Bc4 Rf8 $16
))22. Bg4 $4 { another bit of territory lost}  ( 22. Rxf7+ Kxf7 23. Bc4 Nxe5
24. Rf1+ Ke7 25. Bxe6 Kxe6 26. Re1 $19 )22... Rxf1+ $19 23. Rxf1  0-1

[Event "Lidums Checkmate Op"]
[Site "Adelaide"]
[Date "2007.07.07"]
[Round "2.9"]
[White "Mdinaradze, Edgar"]
[Black "Scott, Ronald"]
[Result "0-1"]
[Annotator "Anderson-Smith,William"]
[BlackElo "2172"]
[EventCountry "AUS"]
[EventDate "2007.07.07"]
[EventRounds "7"]
[EventType "swiss"]
[PlyCount "68"]
[WhiteElo "1896"]

{ E61: King's Indian: Early deviations for White, including Smyslov System } 1.
d4 Nf6 2. c4 c5 3. e3 g6 4. Nc3 Bg7 5. Nf3 O-O 6. Qc2 $146 ( 6. Qb3 Na6 ( 6...
d6 7. Be2 b6 8. O-O Bf5 9. d5 Na6 10. Rd1 Nc7 11. Bd3 Bg4 12. h3 Bxf3 13. gxf3
e6 14. dxe6 fxe6 15. Bf1 Qe7 16. Bg2 Kh8 17. a4 Rab8 18. a5 bxa5 19. Qc2 a6 20.
Rxa5 Rb4 21. Ra4 { Lombardy,W  ( 2520 ) -Bukic,E  ( 2500 ) /Banja Luka
1976/MCL/1/2-1/2  ( 57 )}  )7. Be2 d6 8. O-O Rb8 9. Bd2 Bf5 10. Nb5 Ne4 11. Be1
Ra8 12. Rd1 Nc7 13. Nxc7 Qxc7 14. Bd3 e6 15. h3 Nf6 16. Be2 e5 17. dxe5 dxe5
18. Bc3 Ne4 19. Nd2 Rad8 20. Nxe4 Bxe4 { Kholmov,R-Osnos,V/Tbilisi
1966/URS-ch/1/2-1/2}  )( 6. a3 b6 7. Be2 d6 8. O-O Bb7 9. d5 e6 10. e4 exd5 11.
exd5 Na6 12. Bg5 h6 13. Bh4 Nc7 14. Nd2 a6 15. a4 Re8 16. Bg3 Rb8 17. Bf3 Bc8
18. Nde4 Nxe4 19. Nxe4 Bf8 20. Qd2 g5 { Sarakauskas,G  ( 2453 ) -Piesina,G  (
2358 ) /Vilnius 2006/CBM 111 ext/1-0  ( 44 )}  )( 6. b3 Nc6 7. Bb2 cxd4 8. exd4
d5 9. Be2 dxc4 10. bxc4 Bg4 11. Ne5 Bxe2 12. Nxe2 Nxe5 13. dxe5 Ng4 14. Qb3
Nxe5 15. O-O Qc7 16. Nf4 Qxc4 17. Nd5 Qxb3 18. Nxe7+ Kh8 19. axb3 Nf3+ 20. gxf3
Bxb2 { Kuchen,D-Streitberg,P  ( 2290 ) /Bad Ragaz 1991/TD/0-1  ( 53 )}  )( 6.
Be2 $5 $11)6... cxd4 $15 7. exd4 d5 8. h3 { Black has a cramped position}  8...
Nc6 9. Be3 Bf5 10. Qd2 dxc4 ( 10... Ne4 $5 11. Nxe4 dxe4 $17 )11. Bxc4 $15 Rc8
12. O-O { White has a very active position}  12... Na5 13. Be2 Nc4 14. Bxc4
Rxc4 15. Rac1 a6 { Covers b5}  16. Rfd1 Ne4 17. Nxe4 Rxc1 18. Qxc1 Bxe4 19. Ne5
Qd5 { Black threatens to win material: Qd5xa2}  20. f3 { White threatens to win
material: f3xe4}  20... Bf5 21. Bh6 $2 ( 21. Qc7 $142 Qb5 22. Rd2 $15 )21...
Rc8 $19 22. Qf4 Bh8 ( 22... Bxh6 $5 $142 23. Qxh6 Qxa2 $19 )23. b3 $17 b5 24.
g4 ( 24. Kh1 $5 $17)24... Be6 25. Rd2 Rd8 ( 25... Qd8 $5 $17 $142)26. Qe4 $11
Bf6 27. Be3 ( 27. Qxd5 $5 $142 { is an interesting idea}  27... Bxd5 28. Rc2
$11 )27... Qd6 $17 28. Bf4 Bd5 29. Qe3 Qc7 ( 29... Qe6 30. Kf2 $17 )30. Kf2 (
30. g5 Bg7 $15 )30... Qc1 ( 30... Qc8 31. Rd1 $17 )31. Qe2 ( 31. Kg2 Qa3 $15
)31... Rc8 ( 31... g5 32. Bg3 $17 )32. Nd7 ( 32. g5 $142 Bg7 33. Kg2 $17 )32...
Rc3 $4 { forfeits the clear win}  ( 32... Bh4+ $142 33. Kg2 Rc3 $17 )33. Nxf6+
$18 exf6 34. Rd3 ( 34. Qe8+ Kg7 35. Bh6+ Kxh6 36. Qf8+ Kg5 37. h4+ Kxh4 38.
Qh6# )34... Qc2 ( 34... Qc2 35. Rxc3 Qxe2+ ( 35... Qxc3 $4 36. Qe8+ Kg7 37.
Bh6+ Kxh6 38. Qf8+ Kg5 39. h4+ Kxh4 40. Qh6# )36. Kxe2 Kf8 $18 ) 0-1

[Event "Lidums Checkmate Op"]
[Site "Adelaide"]
[Date "2007.07.07"]
[Round "2.10"]
[White "Stojic, Dusan"]
[Black "Szuveges, Narelle"]
[Result "1-0"]
[Annotator "Anderson-Smith,William"]
[BlackElo "1702"]
[EventCountry "AUS"]
[EventDate "2007.07.07"]
[EventRounds "7"]
[EventType "swiss"]
[PlyCount "49"]
[WhiteElo "2169"]

{ C42: Petroff Defence: 3 Nxe5 and unusual White 3rd moves } 1. e4 e5 2. Nf3 Nf6
3. Nxe5 d6 4. Nf3 Nxe4 5. d4 d5 6. Bd3 Bd6 7. O-O O-O 8. c4 c6 9. Nc3 Nxc3 10.
bxc3 dxc4 11. Bxc4 Bg4 12. Qd3 Nd7 13. Re1 Nf6 $146 ( 13... b5 14. Ng5 Nf6 15.
Bb3 Qc7 16. h3 Bh5 17. Ne4 Nxe4 18. Qxe4 Bg6 19. Qe2 a5 20. a4 b4 21. Bd2 Rab8
22. Rac1 Qd7 23. Qc4 Rfc8 24. cxb4 Bxb4 25. Bc3 h6 26. Re5 Qd6 27. Bxb4 Rxb4
28. Qc3 { Krylov,S  ( 2387 ) -Ivanchuk,V  ( 2731 ) /Turin 2006/CBM 113/1/2-1/2 
( 40 )}  )( 13... Bh5 14. Bg5 Qc7 15. h3 ( 15. Be7 Bg6 16. Qe2 Bxe7 17. Qxe7
Qd8 18. Qxd8 Raxd8 19. Re7 Rfe8 20. Rae1 Kf8 21. R7e3 Nb6 22. Bb3 Nd5 23. Bxd5
Rxe3 24. Rxe3 Rxd5 25. Re5 Rxe5 26. Nxe5 Bb1 27. a3 Ke7 28. f3 Ke6 29. Kf2 h5 {
Wikstrom,F  ( 1717 ) -Revelj,O  ( 2128 ) /Hallstahammar 2003/CBM 096 ext/0-1  (
52 )}  )15... Nb6 16. Bb3 Nd5 17. Nh4 Bf4 18. Qf5 g6 19. Bxf4 Nxf4 20. Qg5 Be2
21. Nf5 Rae8 22. h4 Nd5 23. Ng3 Nxc3 24. h5 Ne4 25. Nxe4 Rxe4 26. hxg6 Qe7 27.
gxf7+ { 1-0 Suslov,V-Nebolsina,V  ( 2048 ) /Novosibirsk 2001/CBM 083 ext}  )(
13... Qc7 $5 $11 { is worth consideration} )14. Bg5 $16 h6 15. Bh4 Bc7 ( 15...
b5 16. Bb3 $16 )16. Ne5 $18 Bxe5 17. Rxe5 ( 17. dxe5 $6 Qxd3 18. Bxd3 Nd5 $14
)17... Qd6 18. Rae1 b5 ( 18... Rad8 19. Bb3 Bc8 20. h3 $18 )19. Bb3 a5 $2 (
19... Bd7 $18)20. Bc2 g6 21. Qg3 Bd7 ( 21... c5 { cannot change destiny}  22.
dxc5 Qd2 23. Bxf6 Qxc2 24. Qxg4 $18 )22. Bxg6 $1 { Double attack: h6/g8}  22...
fxg6 ( 22... Kh8 { no good, but what else?}  23. Re7 Qxg3 24. Bxf6+ Kg8 25.
hxg3 Bg4 $18 )23. Qxg6+ Kh8 24. Qxh6+ ( 24. Re7 Rf7 25. Rxf7 Qxh2+ 26. Kxh2
Ng4+ 27. Kg1 Nxf2 28. Bf6# )24... Kg8 ( 24... Nh7 { does not help much}  25.
Qxd6 Be6 26. Rxe6 Rg8 27. Re7 Rxg2+ 28. Kxg2 Rg8+ 29. Kh1 Rg7 30. Qe5 Nf6 31.
Qxf6 Kh7 32. Qxg7# )25. Rg5+ ( 25. Rg5+ Kf7 26. Qg7# ) 1-0

[Event "Lidums Checkmate Op"]
[Site "Adelaide"]
[Date "2007.07.07"]
[Round "2.11"]
[White "Chapman, Mark"]
[Black "Saint, Andrew"]
[Result "1-0"]
[Annotator "Anderson-Smith,William"]
[BlackElo "1934"]
[EventCountry "AUS"]
[EventDate "2007.07.07"]
[EventRounds "7"]
[EventType "swiss"]
[PlyCount "47"]
[WhiteElo "2444"]

{ A00: Irregular Openings } 1. e4 d5 2. Nc3 d4 3. Nce2 e5 4. Nf3 { White
threatens to win material: Nf3xe5}  4... Nf6 $146 { Black threatens to win
material: Nf6xe4}  ( 4... Bd6 5. c3 ( 5. d3 Ne7 6. Ng3 O-O 7. Be2 c5 8. O-O
Nbc6 9. Nh4 Be6 10. Bg4 Qd7 11. Bxe6 Qxe6 12. Nhf5 Nxf5 13. exf5 Qe7 14. Ne4 f6
15. a4 b6 16. Bd2 Qd7 17. b3 Bc7 18. g4 a5 19. Qf3 Ne7 { Minosjan,A  ( 2274 )
-Ptacnikova,L  ( 2193 ) /Pardubice 2006/CBM 113 ext/1/2-1/2}  )5... c5 6. d3
Nc6 7. cxd4 cxd4 8. Ng3 Nf6 9. Be2 Qb6 10. O-O O-O 11. Bg5 Ne8 12. b3 Be6 13.
Bc1 f6 14. Nd2 Bb4 15. Bb2 a5 16. Nh5 g6 17. Ng3 Ng7 18. f3 a4 19. Nc4 {
Scagliarini,V-Kveliashvili,T/Szombathely 1993/TD/0-1  ( 36 )}  )( 4... Nd7 5.
Ng3 Ngf6 6. Bc4 h6 7. d3 a5 8. a4 Bb4+ 9. Bd2 Bxd2+ 10. Qxd2 g6 11. h4 Kf8 12.
O-O-O Qe7 13. h5 Kg7 14. Nh4 Nc5 15. Bxf7 Qxf7 16. hxg6 Qf8 17. f4 Qd6 { 1-0
Demir,G  ( 2165 ) -Maris,I  ( 2330 ) /Heraklio 1993/TD}  )( 4... Qd6 5. Ng3 Ne7
6. Bc4 Be6 7. Qe2 Nbc6 8. O-O Ng6 9. Nh5 f6 10. Ne1 O-O-O 11. Bxe6+ Qxe6 12.
Nd3 f5 13. exf5 Qxf5 14. Ng3 Qd7 15. Ne4 Be7 16. a3 Nf4 17. Nxf4 exf4 18. d3
Rhf8 19. Qh5 { Yuferov,S  ( 2440 ) -Yagupova,L/St Petersburg 1996/CBM 052/1-0 
( 43 )}  )5. Ng3 a6 { Prevents intrusion on b5}  ( 5... Bd6 6. Bc4 $11 )6. Bc4
( 6. Nxe5 Nxe4 7. Nxe4 Qd5 $14 )6... Bc5 ( 6... Bd6 7. d3 $11 )7. O-O { White
has a cramped position. White's piece can't move: c1}  ( 7. Nxe5 O-O $16 )7...
b5 { Black threatens to win material: b5xc4}  8. Bb3 d3 $2 ( 8... Nc6 9. d3 $14
)9. cxd3 $4 { White has new doubled pawns: d2+d3. White has a cramped position.
White's piece can't move: c1. gives the opponent counterplay}  ( 9. Nxe5 $142
O-O 10. Qf3 $18 )9... Qxd3 $4 ( 9... Nc6 10. d4 Bxd4 11. d3 $11 )10. Bd5 {
White threatens to win material: Bd5xa8}  ( 10. Nxe5 $142 { makes it even
easier for White}  10... Qd4 11. Bxf7+ Kf8 12. Nf3 $18 )10... Nbd7 $4 ( 10...
Nxd5 $142 { was much better}  11. Nxe5 Qd4 $11 )11. Ne1 ( 11. Bxa8 { seems even
better}  11... O-O $18 )11... Qd4 ( 11... Qxf1+ { does not improve anything} 
12. Kxf1 Nxd5 13. exd5 $18 )12. Ne2 Qa4 13. b3 ( 13. Qxa4 { keeps an even
firmer grip}  13... bxa4 14. Bxa8 O-O $18 )13... Qa5 14. Nd3 ( 14. Bxa8 $5 {
might be the shorter path}  14... Bd6 $18 )14... Bd6 $4 { the position is going
down the drain}  ( 14... Nxd5 $142 15. Nxc5 Nxc5 16. exd5 O-O $16 )15. Bb2 (
15. Bxa8 $142 { and White has reached his goal}  15... c5 16. f4 $18 )15...
Nxd5 $17 16. exd5 { Black has the pair of bishops}  16... Nb6 $4 { forfeits the
advantage}  ( 16... O-O $17 $142)17. Nxe5 $16 Nxd5 18. Nc3 Be6 19. Nxd5 ( 19.
Nc6 Qb6 20. Nxd5 Qxc6 $11 )19... Bxd5 $14 20. Qg4 { White threatens to win
material: Qg4xg7. Black cannot castle queen side}  20... Qxd2 $2 ( 20... Qb4
$142 21. f4 Bxe5 $16 )21. Rfe1 $4 { ruins a very nice position}  ( 21. Nxf7
$142 Qxb2 22. Nxh8 $18 )21... Be6 $4 { gives away a clear win}  ( 21... O-O
$142 22. Nc4 Bxh2+ 23. Kxh2 Qh6+ 24. Kg1 bxc4 25. bxc4 Be6 $15 )22. Nxf7 $1 $18
{ Remove defender: f7}  22... Qxb2 ( 22... Kxf7 23. Qxg7+ { Double attack}  (
23. Rxe6 { Discovered attack} )( 23. Rxe6 { Remove defender} ))23. Qxe6+ Kf8
24. Nxd6 ( 24. Nxd6 cxd6 25. Qxd6+ Kg8 26. Qd5+ Kf8 27. Qxa8+ Kf7 28. Qxh8 Kf6
29. Qf8+ Kg5 30. h4+ Kg6 31. Qe8+ Kh6 32. g4 g6 33. Qf8+ Qg7 34. Qf4+ g5 35.
Re6+ Qf6 36. Qxf6# ) 1-0

[Event "Lidums Checkmate Op"]
[Site "Adelaide"]
[Date "2007.07.07"]
[Round "2.12"]
[White "West, Guy"]
[Black "Sykes, Alexander"]
[Result "1-0"]
[Annotator "Anderson-Smith,William"]
[BlackElo "1930"]
[EventCountry "AUS"]
[EventDate "2007.07.07"]
[EventRounds "7"]
[EventType "swiss"]
[PlyCount "39"]
[WhiteElo "2291"]

{ B47: Sicilian: Taimanov: 5 Nc3 Qc7 6 f4, 6 g3 and 6 Be2 } 1. e4 c5 2. Nc3 Nc6
3. f4 a6 4. Nf3 e6 5. d4 cxd4 6. Nxd4 Qc7 7. Nf3 { Black's piece can't move:
c8}  7... Na5 $146 ( 7... d6 8. Bd3 ( 8. g4 h6 9. Be3 Nf6 10. Rg1 Be7 11. Qe2
b5 12. O-O-O Bb7 13. h4 g6 14. g5 hxg5 15. hxg5 Nd7 16. f5 b4 17. Na4 exf5 18.
exf5 Qa5 19. fxg6 Qxa4 20. gxf7+ Kxf7 21. g6+ Ke8 22. Qc4 Nf6 { Hector,J  (
2518 ) -Hermansson,E  ( 2429 ) /Copenhagen 2004/CBM 098 ext/1-0  ( 31 )}  )8...
Nf6 9. O-O b5 10. Qe1 Bb7 11. a4 b4 12. Nd1 Be7 13. Qg3 O-O 14. Nf2 e5 15. f5
Na5 16. b3 Kh8 17. Bd2 Qb6 18. Kh1 Nd7 19. Ng4 f6 20. Nh4 Rfe8 21. Rf3 d5 22.
Ng6+ { Mrva,M  ( 2395 ) -Belotti,B  ( 2410 ) /Montecatini Terme 1997/CBM 061
ext/1-0}  )( 7... Bb4 8. Bd3 Nf6 9. O-O b5 10. e5 Bxc3 11. bxc3 Nd5 12. Ng5
Nxc3 13. Qh5 g6 14. Qh6 Nb4 15. Nxf7 Qc5+ 16. Kh1 Kxf7 17. f5 exf5 18. Bxf5 Ke8
19. Bxg6+ Kd8 20. Be3 Qc6 21. Rf6 Bb7 22. Bb6+ { Velimirovic,D  ( 2510 )
-Cvetkovic,S  ( 2500 ) /Arandjelovac 1993/CBM 038 ext/1-0}  )( 7... Bc5 $5 $11
$142 { is worthy of consideration} )8. Bd3 $16 b5 9. O-O Bb7 10. Kh1 Nf6 11.
Qe2 Rc8 12. e5 Nd5 13. Ne4 ( 13. Nxd5 Bxd5 14. a4 bxa4 15. Rxa4 Nb7 $16 )13...
Nc4 14. a4 { White has a very active position}  14... Nb4 ( 14... bxa4 $5 15.
c3 a3 16. bxa3 Be7 $16 )15. axb5 axb5 16. f5 Nxe5 $2 ( 16... Ra8 17. Rxa8+ Bxa8
18. fxe6 fxe6 $18 )17. fxe6 $18 fxe6 ( 17... Nexd3 18. exf7+ Kd8 19. Bg5+ Be7
20. Nd4 $18 )18. Bf4 Nbc6 ( 18... Nbxd3 { desperation}  19. cxd3 d6 20. Bxe5
dxe5 $18 )19. Nxe5 Nxe5 20. Qh5+ ( 20. Qh5+ g6 21. Nf6+ ( 21. Bxe5 $6 { is
easily refuted}  21... gxh5 22. Bxc7 Rxc7 $15 )21... Kd8 22. Bxg6 $18 ( 22.
Bxe5 { succumbs to}  22... gxh5 23. Bxc7+ Rxc7 $15 )) 1-0

[Event "Lidums Checkmate Op"]
[Site "Adelaide"]
[Date "2007.07.07"]
[Round "2.13"]
[White "Wedding, Robin"]
[Black "Zaric, Srboljub"]
[Result "0-1"]
[Annotator "Anderson-Smith,William"]
[BlackElo "2144"]
[EventCountry "AUS"]
[EventDate "2007.07.07"]
[EventRounds "7"]
[EventType "swiss"]
[PlyCount "100"]
[WhiteElo "1856"]

{ B22: Sicilian: 2 c3 } 1. e4 c5 2. c3 Nf6 3. e5 Nd5 4. Nf3 Nc6 5. Bc4 e6 6. O-O
Nb6 ( 6... d6 7. exd6 Bxd6 8. d4 cxd4 9. Nxd4 Nxd4 10. Qxd4 O-O 11. Nd2 Qc7 12.
Nf3 e5 13. Qd3 Nf6 14. Ng5 h6 15. Ne4 Nxe4 16. Qxe4 Kh8 17. Bd5 f5 18. Qc4 Qe7
19. f4 e4 20. Be3 Bd7 21. Rad1 { Kurajica,B  ( 2580 ) -Kozul,Z  ( 2585 )
/Sarajevo 1998/CBM 064 ext/1/2-1/2  ( 44 )}  )7. Bb3 d6 $146 ( 7... d5 8. d4
Be7 9. Be3 cxd4 10. cxd4 Bd7 11. a3 Na5 12. Bc2 Nbc4 13. Bc1 Rc8 14. b3 Nb6 15.
Qd3 Qc7 16. Ra2 a6 17. a4 Nc6 18. Bd2 Nb4 19. Bxb4 Bxb4 20. Ng5 h6 21. Nh3 g5
22. g4 { Machin Arbelo,P  ( 2119 ) -Panajotov,J  ( 2262 ) /Sunny Beach 2006/CBM
114 ext/0-1  ( 60 )}  )( 7... c4 8. Bc2 d6 9. exd6 Bxd6 ( 9... Qxd6 10. d4 cxd3
11. Bxd3 Be7 12. Qe2 Nd5 13. Bc2 Bd7 14. Rd1 Qc7 15. g3 Rd8 16. c4 Nf6 17. Nc3
O-O 18. Bf4 Qb6 19. c5 Qxc5 20. Ne4 Qb6 21. Nxf6+ Bxf6 22. Ng5 g6 23. Ne4 Bg7
24. Bd6 { Kovacevic,R  ( 2062 ) -Stojanovic,N  ( 2075 ) /Obrenovac 2002/CBM 086
ext/0-1  ( 45 )}  )10. d4 Nd5 11. Nbd2 b5 12. Ne4 Bb7 13. Re1 Nde7 14. Nfg5 Qc7
15. Nxd6+ Qxd6 16. Qf3 Nd8 17. Be4 Bxe4 18. Nxe4 Qd5 19. Bg5 f6 20. Bd2 O-O 21.
Bf4 e5 22. Be3 { Kezele,T  ( 1943 ) -Limontaite,S  ( 2095 ) /Herceg Novi
2005/CBM 108 ext/1/2-1/2  ( 49 )}  )8. exd6 Bxd6 9. d4 O-O { Black castles and
improves king safety}  10. Qe2 ( 10. dxc5 Bxc5 11. Qc2 Nd5 $14 )10... cxd4 $11
11. cxd4 { White has a very active position.}  11... Nd5 12. Nc3 Nxc3 ( 12...
Qa5 13. Re1 $11 )13. bxc3 $14 { White has new hanging pawns: c3+d4}  13... Qa5
14. Bb2 ( 14. Qe4 Ne7 $14 )14... Qh5 $11 15. Rfe1 Bd7 16. Rad1 Na5 17. Ne5 Qxe2
18. Rxe2 Bb5 { Black threatens to win material: Bb5xe2}  19. c4 { White
threatens to win material: c4xb5}  19... Ba6 20. Rc2 ( 20. Bc3 Bxe5 21. Bxa5
$14 ( 21. Rxe5 $143 Nxc4 22. Rc5 Rfc8 $15 ))20... Rfd8 21. d5 { Black's piece
can't move: a6}  ( 21. Re1 Rac8 22. c5 Bxe5 23. dxe5 Rd3 $15 )21... Rac8 $15 {
The pressure on the backward pawn c4 grows}  22. Rcd2 $2 ( 22. Rcc1 $15 $142 {
would keep White in the game} )22... Bxe5 $19 23. Bxe5 Nxc4 ( 23... Bxc4 $5
$142 24. d6 f6 $19 )24. Bxc4 $17 Bxc4 25. d6 ( 25. dxe6 Rxd2 26. Rxd2 Bxe6 $17
)25... Bd5 $19 26. f3 f6 27. Bg3 Kf7 28. Rb1 Rd7 ( 28... Rc5 29. Rd3 $19 )29.
Kf2 ( 29. h4 b6 $19 )29... Rc5 $19 30. Rbd1 b5 31. Ke3 ( 31. Rb2 a6 $19 )31...
b4 32. Rb1 ( 32. Rd4 a5 33. R4d2 Rc3+ 34. Kf2 h5 $19 )32... a5 33. Kd4 ( 33.
Rbb2 e5 $19 )33... Rc4+ 34. Ke3 Rc3+ 35. Ke2 Bc4+ 36. Ke1 ( 36. Kd1 b3 37. axb3
Bxb3+ 38. Ke1 a4 $19 )36... e5 37. Bf2 Bd3 38. Rbd1 Rxd6 39. Bb6 ( 39. Rb2 {
doesn't get the bull off the ice}  39... Rdc6 $19 )39... Rxb6 40. Rxd3 Rxd3 41.
Rxd3 a4 42. Kd2 Ke6 43. Kc2 Rd6 44. Re3 Rd4 45. a3 ( 45. g3 $19 { a last effort
to resist the inevitable} )45... b3+ 46. Kb2 ( 46. Kc1 { doesn't change
anything anymore}  46... Kd5 $19 )46... Rd2+ 47. Kc3 ( 47. Kb1 { otherwise it's
curtains at once}  47... Ra2 48. Rc3 $19 )47... Rc2+ 48. Kd3 Rxg2 49. Re4 b2
50. Rb4 ( 50. Re1 { cannot change what is in store for ?}  50... Rxh2 51. Kc3
h5 $19 )50... Kf5 ( 50... Kf5 51. h3 g5 $19 ) 0-1

[Event "Lidums Checkmate Op"]
[Site "Adelaide"]
[Date "2007.07.07"]
[Round "2.14"]
[White "Srdic, Goran"]
[Black "Cooke, Tristrom P"]
[Result "1-0"]
[Annotator "Anderson-Smith,William"]
[BlackElo "1549"]
[EventCountry "AUS"]
[EventDate "2007.07.07"]
[EventRounds "7"]
[EventType "swiss"]
[PlyCount "58"]
[WhiteElo "2006"]

{ C64: Ruy Lopez: Classical Defence  ( 3...Bc5 )  except 4 0-0 Nf6 } 1. e4 e5 2.
Nf3 Nc6 3. Bb5 Bc5 4. Nxe5 Qe7 ( 4... Qg5 5. Nf3 Qxg2 6. Rf1 d6 7. d4 Bb6 8.
Rg1 Qh3 9. Rxg7 Bg4 10. Ng1 Bxd1 11. Nxh3 Bxc2 12. d5 Bxe4 13. dxc6 bxc6 14.
Ba4 Bg6 15. Bxc6+ Kf8 16. Rxg8+ { 1-0 Ankerst,M  ( 2362 ) -Denton,B  ( 2430 )
/Dos Hermanas 2004/CBM 099 ext}  )5. Nf3 Qxe4+ 6. Be2 d5 $146 { White has a
cramped position. White's piece can't move: c1}  ( 6... Nd4 7. Nxd4 Qxd4 8. O-O
Nf6 9. c3 Qh4 10. d4 Bd6 11. h3 O-O 12. Nd2 Bf4 13. Bf3 Qh6 14. Ne4 Nxe4 15.
Bxe4 Bxc1 16. Qxc1 Qxc1 17. Raxc1 d6 18. Rfe1 c6 19. Bf3 Bd7 20. Re7 Rad8 21.
Bg4 { De la Villa Garcia,J  ( 2450 ) -Fernandez,J  ( 2290 ) /Palma de Mallorca
1992/TD/1-0  ( 100 )}  )7. Nc3 { White threatens to win material: Nc3xe4}  7...
Qf4 $4 ( 7... Qg4 8. Nxd5 Qxg2 9. Rf1 $14 ( 9. Nxc7+ $143 Kd8 10. Rf1 Kxc7 $17
))8. O-O ( 8. d4 $142 { secures the point}  8... Qf5 9. dxc5 $18 )8... d4 $14 {
Black threatens to win material: d4xc3}  9. Nb5 Bb6 10. Bd3 ( 10. c3 Nf6 $14
)10... Qf6 ( 10... Nge7 11. Be2 $15 )11. c3 { Secures b4}  ( 11. Re1+ Nge7 $11
)11... Nge7 ( 11... Bg4 12. Qe1+ Nge7 13. Nbxd4 Nxd4 14. Nxd4 $11 )12. Nbxd4
Nxd4 13. Nxd4 Bxd4 14. cxd4 Be6 { White has a cramped position. White's piece
can't move: c1}  15. Qc2 ( 15. Be4 c6 $14 )15... Qxd4 $11 16. Be4 { White
threatens to win material: Be4xb7}  ( 16. Bxh7 $2 { leads to nothing}  16...
Qd6 17. Qd3 f5 18. Qxd6 cxd6 19. Bxf5 Nxf5 $19 )16... c6 { White's piece can't
move: c1}  17. Re1 O-O-O 18. d3 { Controls c4}  18... Nd5 19. Be3 Nxe3 20. fxe3
{ White has new hanging pawns: d3+e3}  20... Qd6 21. d4 g6 { Consolidates f5} 
22. b4 f5 { Black threatens to win material: f5xe4}  ( 22... Qxb4 $2 { is
inferior since it leads to}  23. Rab1 Qc4 24. Qb2 $18 )23. Bf3 Bd5 24. b5 Rhe8
25. Rac1 Kc7 $2 ( 25... Bxf3 $142 { and Black is still in the game}  26. gxf3
Qd5 $14 )26. bxc6 bxc6 27. Qa4 Ra8 ( 27... Kb8 $18 $142)28. Bxd5 Qxd5 29. Rc5
Qd8  1-0